Creative Capacity of European Countries
Tvorivá kapacita 28 európskych krajín v období rokov 2005 - 2014. Vytvorenie indexu kreativity, založeného na koncepte talentu, technológie a tolerancie – „3T“, ako kľúčových prvkov tvorivosti.
Enregistré dans:
| Auteur principal: | |
|---|---|
| Autres auteurs: | , |
| Format: | Chapitre de livre |
| Langue: | anglais |
| Sujets: | |
| Tags: |
Pas de tags, Soyez le premier à ajouter un tag!
|
MARC
| LEADER | 00000naa a2200000 4500 | ||
|---|---|---|---|
| 001 | 0248819 | ||
| 005 | 20260319105349.6 | ||
| 041 | 0 | |a eng | |
| 044 | |a HU | ||
| 245 | 1 | 0 | |a Creative Capacity of European Countries |c Martin Alexy, Marek Káčer, Štefan Rehák |
| 520 | |a Tvorivá kapacita 28 európskych krajín v období rokov 2005 - 2014. Vytvorenie indexu kreativity, založeného na koncepte talentu, technológie a tolerancie – „3T“, ako kľúčových prvkov tvorivosti. | ||
| 610 | 2 | 0 | |a kreativita |
| 610 | 2 | 0 | |a Európa |
| 610 | 2 | 0 | |a Európska únia |
| 610 | 2 | 0 | |a indexy |
| 610 | 2 | 0 | |a inovácie technologické |
| 610 | 2 | 0 | |a technológie nové |
| 610 | 2 | 0 | |a talenty |
| 100 | 1 | |a Alexy, Martin, 1976- | |
| 700 | 1 | |a Káčer, Marek, 1976- | |
| 700 | 1 | |a Rehák, Štefan, 1974- | |